000 00759nam a2200253Ia 4500
003 OSt
005 20220928125817.0
006 a|||||r|||| 00| 0
007 ta
008 220927b |||||||| |||| 00| 0 eng d
020 _cINR 675.00
024 _a137626
037 _b321, 07/03/2018, Classic Book Service
_cTextual
040 _aSDCL
_cSDCL
_beng
041 _2eng
_aeng
082 _aD6,8(B2895),1, Q4
100 _aChauhan Naresh
_9452174
245 0 _aPrinciples of operating systems
260 _aNew Delhi
_bOxford University Press
_c2014
300 _axviii,669p.
_ccm.
650 _aI I C
942 _hD6,8(B2895),1, Q4
_cTEXL
_2CC
999 _c784125
_d784125